000 00437nam a2200181Ia 4500
001 13718
005 20260306164821.0
008 260306t2004||||xx |||||||||||||| ||spa||
041 _aESP
082 _a005.133C2
_bD46
100 _aDeitel, Harvey M.
_eAUT
245 0 _aCómo programar en C/C++ y Java
260 _c2004
300 _axxxv, 1113 páginas :
_c26 cm.
650 _aGEN
654 _aCCC
942 _cLIB
_dJUS
_fJUS
_2ddc
_n
999 _c13718
_d13718